000 00630nam a22002057a 4500
005 20170821112317.0
010 _aENG-119728
020 _a9788123779546
_c140.00
035 _aEN-103260
037 _bDBAD/PUB
082 _a615.266
100 _aKulkarni, Abhijeet
245 _aMercury in medicine /
_cby Abhijeet Kulkarni
260 _aNew Delhi
_bNational Book Trust
_c2016
270 _aNehru Bhawan, 5 Institutional Area, Phase-II Vasant Kunj,
_bNew Delhi
_e110070
300 _axii,116p. :
_c22cm(pbk)
_bill.(col.)
500 _aIncludes index
505 _avol.1
942 _2ddc
_cEN
_h615.266
_mKUL
999 _c143582
_d143582